| 000 | 00578nam a2200169 a 4500 | ||
|---|---|---|---|
| 008 | 160721s2007 ||||||||||||||||| || u | ||
| 020 | _a9781843922841 | ||
| 050 | _aHV 6025 New | ||
| 100 | _aNewburn Tim | ||
| 245 | 1 | 0 |
_aCriminology _cBy Tim Newburn |
| 260 |
_aPortland _bWillan Publishing _c2007 |
||
| 300 | _axxvii, 1019 | ||
| 350 | _a70.09 | ||
| 650 | 0 | _aCRIMINOLOGY | |
| 650 | _aCRIMINOLOGY--UNITED STATES | ||
| 995 |
_FCBU-MAIN LIBRARY (Kitwe) _I70.09 _M1 _UAVAILABLE _WAug 16, 2016 _ZMain Library Open Access Collection |
||
| 999 |
_c39193 _d39193 |
||